000 00319nam a22001097a 4500
082 _a671.732 ELE'M
100 _aMOLLOY, E
_941373
245 _aELECTRO PLATING AND ANODISING:COVERING GOLD SILVER NICKEL COPPER CHROMIUM CADMIUM ANS ZINC PALTING
260 _aLONDON
_bGEORGE NEWNES
_c1942
300 _a222P
942 _cBK
999 _c579135
_d579135